01441nam a22003377a 4500001001000000003000400010005001700014008002700031020001500058040002500073082003000098100003300128100002100161245009000182250002300272260004200295300002800337505009100365520009100456534006000547586009900607590002700706650003500733650002700768651007400795700003800869910004000907942001200947952012700959999001701086000011559OSt20241112102110.0201023b1995 dr 00| 0 spa d a8484001768 aDO-SdBPMbspacBPMSU 4aRD863.44bA473e, 19952221 aÁlvarez, Julia,d1950-958z aA., Juliad1950-10aEn el tiempo de las mariposas /cJulia Álvarez ; traducción Rolando Costa Picazo. a3a ed. dominicana. aSanto Domingo :bEditoraTaller,c1995 a359 p. :bil. ;c23 cm.0 aObra de ficción basada en hechos históricos sobre la vida de las hermanas Mirabal. aObra de ficción basada en hechos históricos sobre la vida de las hermanas Mirabal. pTítulo original :tIn the time of the butterflies.a  aDistinguido como el libro notable del año (Notable book of the year) 1995 en Estados Unidos. aInventariado, 2024 /VM 4aNovela histórica dominicana. 0aLiteratura dominicana. 4aRepública DominicanaxHistoriayEra de Trujillo, 1930-1961 vNovela1 aCosta Picazo, Rolando,etraductor aValidado. Control de calidad. BPMSU 2ddccBK 00102ddc40708CDaBPMETbBPMETd2024-11-12l0oBPMSU CD RD863.44 A473e, 1995pBPMSU24110022r2024-11-12w2024-11-12yBK c14859d14859